000 01403nam0a2200373 4500
001 RU\NLR\BIBL_A\022674869
005 20260203114116.0
010 _a978-5-93830-164-1
_9500
021 _aRU
_bКН-П-25-063068
_9КН-П-25-6106
035 _a(NLR Aleph) 022674869
090 _a13544072
_c13544072
100 _a20251128d2024 u y0rusy50 ca
101 0 _arus
102 _aRU
105 _aa z 000zy
181 0 _ai3
_baxxe
182 0 _an
200 1 _aБеседы о Телесной терапии
_fА. Ширай, А. Близняков, Е. Кизилова
203 _aТекст
_bвизуальный
_cнепосредственный
210 _aСанкт-Петербург
_cСеверо-Запад
_d2024
215 _a271 с.
_cил.
_d22
300 _aНа задней сторонке пер. 2-й авт.: А. Близняков, магистр психологии
333 _a18+
606 1 _aТелесно-ориентированная психотерапия
_2nlr_sh1
_2nlr_sh2
_3RU\NLR\AUTH\661311706
686 1 _aЮ948.1-82
686 1 _aЮ932.1-214
686 1 _aР357.1
700 1 _aШирай
_bА.
_gАндрей
701 1 _aБлизняков
_bА.
_gАндрей
701 1 _aКизилова
_bЕ.
942 _cBOOK
980 _aNB